Highest-Scoring Jetpunk Quiz #1 in Half The Time - Statistics

General Stats
  • This quiz has been taken 50 times
  • The average score is 9 of 10
Answer Stats
GDP country % Correct
3219 bil Brazil
100%
19,362 bil United States
100%
913 bil Argentina
98%
1764 bil Canada
98%
2406 bil Mexico
95%
720 bil Colombia
93%
430 bil Peru
93%
456 bil Chile
86%
185 bil Ecuador
84%
404 bil Venezuela
79%
No matching quizzes found
Score Distribution
Percent of People with Each Score
Percentile by Number Answered
Your Score History
You have not taken this quiz